000 01064cam a22003257a 4500
003 CHAP
005 20220817041654.0
008 971013s1986 r 00010 d
010 _a21231
011 _a22203
035 _a26296
040 _cCHAP
082 _a080
_bC5 v.12
100 0 0 _aCifuentes Lemus, Juan Luis.
_923272
245 1 3 _aEl océano y sus recursos
_b: la ciencias del mar : oceanografía geológica y oceanografía química
260 _aMéxico, D.F. :
_bFondo de Cultura Económica,
_c1986
300 _a170 p.
_b: ilus.
490 3 _aLa ciencia desde México
_v; 12
590 _aBATCH-UPD
_b10
_c20130110
_lUCH01
_h1321
590 _aBATCH-UPD
_b10
_c20130410
_lUCH01
_h0830
590 _aBATCH-UPD
_b10
_c20130914
_lUCH01
_h1734
590 _aCONVERSION
_b10
_c20130109
_lUCH01
_h1313
650 1 4 _aMar.
_971225
650 1 4 _aOceanografía.
_982638
650 1 4 _aRecursos marinos.
830 3 _aLa ciencia desde México
_v; 12
_964199
901 _aBK
942 _cLIBRO
949 _a080 C5 v.12
_bBC
_cC
_d33724000280194
_eC
_h69313
_i26296
_si
999 _c21231
_d21231